How to play Hockey (Record no. 6871)

MARC details
000 -LEADER
fixed length control field 00207nam a22000857a 4500
008 - FIXED-LENGTH DATA ELEMENTS--GENERAL INFORMATION
fixed length control field 170617b xxu||||| |||| 00| 0 eng d
020 ## - INTERNATIONAL STANDARD BOOK NUMBER
International Standard Book Number 9789381867174
100 ## - MAIN ENTRY--PERSONAL NAME
9 (RLIN) 3488
Personal name Jain.D
245 ## - TITLE STATEMENT
Title How to play Hockey
260 ## - PUBLICATION, DISTRIBUTION, ETC. (IMPRINT)
Place of publication, distribution, etc. New Delhi
Name of publisher, distributor, etc. P.P
Date of publication, distribution, etc. 2012
Holdings
Withdrawn status Lost status Source of classification or shelving scheme Damaged status Koha normalized classification for sorting Not for loan Home library Current library Shelving location Date acquired Total Checkouts Full call number Barcode Date last seen Price effective from Koha item type
    Dewey Decimal Classification   JAI_796_000000000000000_C9   Good Samaritan School Library Good Samaritan School Library Sports & Games 06/17/2017   JAI796 C-9 JAI11505 06/17/2017 06/17/2017 Reference
    Dewey Decimal Classification   796_000000000000000   Good Samaritan School Library Good Samaritan School Library Sports & Games 06/17/2017   796 JAI11506 06/17/2017 06/17/2017 BOOK
    Dewey Decimal Classification   796_000000000000000   Good Samaritan School Library Good Samaritan School Library Sports & Games 06/17/2017   796 JAI11507 06/17/2017 06/17/2017 BOOK

Powered by Koha